• 首页
  • 本馆介绍
  • 公告通知
  • 最新文献
  • 馆藏检索
  • 电子资源
  • 读者导购
  • 参考咨询
  • 我的图书馆
  • 登录
  • 详细信息显示
  • 放入我的书架
  • 预约/预借图书
  • 作者相关作品
  • 分类相关作品
  • 丛书相关作品
  • 出版社相关作品

书目信息

  • 表格格式
  • 工作单格式
  • 卡片格式
题名:
趣味生活简史
    
 
作者: 布莱森 著 ;严维明 译
分册:  
出版信息: 南宁   接力出版社  2017.05
页数: 393页
开本: 24cm
丛书名:
单 册:
中图分类: C913.3
科图分类:
主题词: 社会生活--生活史--世界
电子资源:
ISBN: 978-7-5448-4860-2
000 01107nam0 2200301 450
001 003466670
005 20170920092243.46
010    @a978-7-5448-4860-2@dCNY68.00
100    @a20170714d2017 em y0chiy50 ea
101 1  @achi@ceng
102    @aCN@b450000
105    @aa z 000yy
106    @ar
200 1  @a趣味生活简史@9qu wei sheng huo jian shi@f(英)比尔·布莱森著@g严维明译
205    @a2版
210    @a南宁@c接力出版社@d2017.05
215    @a393页@c图@d24cm
305    @a本书简体中文版权由大苹果股份有限公司负责代理
312    @a封面英文题名:At home: a short history of private life
330    @a本书作者梳理了从建筑学到电力学,从考古学到园艺学,从食物贮藏到流行病,从香料贸易到埃菲尔铁塔,从时装到室内装潢等方面的演绎脉络,撰写了一部人类居家生活简史。
333    @a一般读者
510 1  @aT home: a short history of private life@zeng
606 0  @a社会生活@x生活史@y世界
690    @aC913.3@v5
701  0 @c(英)@a布莱森@9bu lai sen@c(Bryson, Bill@f1951-)@4著
702  0 @a严维明@9yan wei ming@4译
801  0 @aCN@b人天书店@c20170714
905    @b1078068-73@dC913.3@e1292=2@f6
    
    趣味生活简史/(英)比尔·布莱森著/严维明译.-2版.-南宁:接力出版社,2017.05
    393页:图;24cm
    使用对象:一般读者
    
    ISBN 978-7-5448-4860-2:CNY68.00
    本书作者梳理了从建筑学到电力学,从考古学到园艺学,从食物贮藏到流行病,从香料贸易到埃菲尔铁塔,从时装到室内装潢等方面的演绎脉络,撰写了一部人类居家生活简史。
●
相关链接 在E读中查询图书 在五车中查询图书 在当当中查询图书 在豆瓣中查询图书


正题名:趣味生活简史     索取号:C913.3/1292=2         预约/预借

序号 登录号 条形码 馆藏地/架位号 状态 备注
1 1078068   210780680   第一样本阅览室/ [索取号:C913.3/1292=2] 在馆    
2 1078069   210780699   第一借阅区/ [索取号:C913.3/1292=2] 在馆    
3 1078070   210780706   第一借阅区/ [索取号:C913.3/1292=2] 在馆    
4 1078071   210780715   密集书库-马院/ [索取号:C913.3/1292=2] 在馆    
5 1078072   210780724   第一借阅区/ [索取号:C913.3/1292=2] 在馆    
6 1078073   210780733   第一借阅区/ [索取号:C913.3/1292=2] 在馆    
唐山师范学院图书馆 欢迎您!
大连网信软件有限公司© 版权所有